Národný branding - prípad Slovenska
Koncept národného brandingu – teoretické východiská. Rozdiely medzi produktovou a národnou značkou. Nation branding Slovenskej republiky – vývoj. Tvorba značky Slovensko. Značka Slovensko – Good Idea Slovakia. Úvahy o možnom budúcom národnom imidži Slovenska.
Salvato in:
| Autore principale: | |
|---|---|
| Natura: | Capitolo di libro |
| Lingua: | slovacco |
| Soggetti: | |
| Tags: |
Nessun Tag, puoi essere il primo ad aggiungerne!!
|
MARC
| LEADER | 00000nla a2200000 4500 | ||
|---|---|---|---|
| 001 | 0231108 | ||
| 005 | 20240417075120.7 | ||
| 041 | 0 | |a slo | |
| 044 | |a SK | ||
| 245 | 1 | 0 | |a Národný branding - prípad Slovenska |c Jozef Viskupič |
| 520 | |a Koncept národného brandingu – teoretické východiská. Rozdiely medzi produktovou a národnou značkou. Nation branding Slovenskej republiky – vývoj. Tvorba značky Slovensko. Značka Slovensko – Good Idea Slovakia. Úvahy o možnom budúcom národnom imidži Slovenska. | ||
| 610 | 2 | 0 | |a značky |
| 610 | 2 | 0 | |a imidž |
| 610 | 2 | 0 | |a štát |
| 610 | 2 | 0 | |a národ |
| 610 | 2 | 0 | |a prezentácia |
| 610 | 2 | 0 | |a Slovensko |
| 610 | 2 | 0 | |a diplomacia |
| 100 | 1 | |a Viskupič, Jozef | |